Κατάλογος Βιβλιοθηκών Mediterranean College

Foundations of Information Systems (Record no. 1054)

MARC details
000 -LEADER
fixed length control field 02452cam a22002054a 4500
005 - ΗΜΕΡΟΜΗΝΙΑ ΚΑΙ ΩΡΑ ΤΕΛΕΥΤΑΙΑΣ ΕΝΗΜΕΡΩΣΗΣ
Πεδίο ελέγχου 20250605163956.0
008 - FIXED-LENGTH DATA ELEMENTS--GENERAL INFORMATION
Πεδίο ελέγχου σταθερού μήκους 250528s ||||||||||||||||||||||||d
035 ## - SYSTEM CONTROL NUMBER
System control number 15475
020 ## - ISBN
ISBN 697133125
040 ## - ΠΗΓΗ ΚΑΤΑΛΟΓΟΓΡΑΦΗΣΗΣ
Φορέας πρωτότυπης καταλογογράφησης MC Athens Campus Library
Γλώσσα καταλογογράφησης Ελληνικά, Μοντέρνα (1453-)
Modifying agency MC Athens Campus Library
Κανόνες περιγραφικής καταλογογράφησης AACR2
245 1# - ΤΙΤΛΟΣ ΚΑΙ ΔΗΛΩΣΗ ΥΠΕΥΘΥΝΟΤΗΤΑΣ
Τίτλος Foundations of Information Systems
260 ## - PUBLICATION, DISTRIBUTION, ETC.
Name of publisher, distributor, etc. Irwin Mcgraw-Hill,
Date of publication, distribution, etc. 1998
300 ## - PHYSICAL DESCRIPTION
Extent 698
505 0# - FORMATTED CONTENTS NOTE
Formatted contents note Business Role and Structure of Information Systems, Introduction to Information Systems and Their Capabilities, Fundamental Concepts of Information Systems, Competiting with Information Systems, Information Technology, Information Systems Hardware, Information Systems Software, Database Management, Telecommunications and the Internet and Information System Architecture, Business Information Systems, Support of Individual and Group Knowledge Work, Transaction Processing and Management Reporting Systems, Decision Support and Executive Information Systems, Expert Systems and Applied Artificial Intelligence, Information Systems for Business Functions, Acquiring and Managing Information Systems, Business Reengineering and Information Systems Planning and Acquisitions, Managing and Controlling Information Systems, Developing Quality Information Systems, Development Life Cycle and System Analysis, Ethical and Societal and Global Issues in Information Systems, Glossary, Index.
520 ## - SUMMARY, ETC.
Summary, etc. Business Role and Structure of Information Systems, Introduction to Information Systems and Their Capabilities, Fundamental Concepts of Information Systems, Competiting with Information Systems, Information Technology, Information Systems Hardware, Information Systems Software, Database Management, Telecommunications and the Internet and Information System Architecture, Business Information Systems, Support of Individual and Group Knowledge Work, Transaction Processing and Management Reporting Systems, Decision Support and Executive Information Systems, Expert Systems and Applied Artificial Intelligence, Information Systems for Business Functions, Acquiring and Managing Information Systems, Business Reengineering and Information Systems Planning and Acquisitions, Managing and Controlling Information Systems, Developing Quality Information Systems, Development Life Cycle and System Analysis, Ethical and Societal and Global Issues in Information Systems, Glossary, Index.
700 1# - ΠΡΟΣΘΕΤΗ ΑΝΑΓΡΑΦΗ--ΦΥΣΙΚΟ ΠΡΟΣΩΠΟ
Personal name Zwass Vladimir
9 (RLIN) 1406
942 ## - ADDED ENTRY ELEMENTS (KOHA)
Koha item type Books
Holdings
Τύπος τεκμηρίου Βιβλιοθήκη Τρέχουσα τοποθεσία Barcode Αριθμός εισαγωγής Ημερομηνία απόκτησης Ταξιθετικό σύμβολο Αριθμός αντιτύπου Κατάσταση απόσυρσης Κατάσταση χαμένου Κατάσταση κατεστραμμένου Μη δανεισμός Σύνολο δανεισμών Ημερομηνία τελευταίας εμφάνισης Η τιμή ισχύει από
Books MC Athens Campus Library MC Athens Campus Library 9780000010537 1820 05/06/2025 658.4/038/011 ZWA 1           05/06/2025 05/06/2025

MC Athens Campus Library
Πατησίων 94 & Κοδριγκτώνος 13, 104 34
Πελλήνης 8 & Πατησίων 107, 112 51
Τ: +30 210 8899600

MC Thessaloniki Campus Library
Ίωνος Δραγούμη 21, 54625 | Ίωνος Δραγούμη 15, 54625
Τ: +30 2310 287779 – Τ: +30 2314 440300